Kariera klubowa Jakuba Błaszczykowskiego - Statystyki

Ogólne statystyki
  • Ten quiz został rozwiązany 637 razy
  • Średni wynik to 4 z 6
Statystyki odpowiedzi
Lata gry Klub % Poprawnych
2007 - 2016 Borussia Dortmund
98%
2005 - 2007 Wisła Kraków
89%
2019 - 2023 Wisła Kraków
89%
2016 - 2019 VfL Wolfsburg
64%
2015 - 2016 Fiorentina
63%
2003 - 2004 KS Częstochowa
23%
Nie znaleziono quizów pasujących do podanych kryteriów
Rozkład punktacji
Procent ludzi z każdym wynikiem
Percentyl według liczby udzielonych odpowiedzi
Twoja historia wyników
Nie rozwiązałeś tego quizu